Movies Quiz

Random Movies or Author Quiz
Score 0/24 Timer 08:00
0 Plays Today
Year Movie or Show % Correct
1992Aladdin
54.2%
2001 (TV)24
54.2%
1960Exodus
37.5%
1994True Lies
37.5%
2005Syriana
33.3%
2000Rules of Engagement
25%
1999Three Kings
25%
2005Kingdom of Heaven
25%
1981Raiders of the Lost Ark
20.8%
1966Cast a Giant Shadow
16.7%
1976Network
16.7%
2000Gladiator
16.7%
Year Movie or Show % Correct
2005 (TV)Sleeper Cell
16.7%
2005Paradise Now
16.7%
1985Back to the Future
12.5%
1999The Mummy
12.5%
1989Indiana Jones and the Last Crusade
12.5%
1998A Perfect Murder
12.5%
1998Hideous Kinky
12.5%
1977Black Sunday
8.3%
1956Invitation to the Dance
8.3%
2004Fahrenheit 911
8.3%
1983Never Say Never Again
4.2%
1985Young Sherlock Holmes
4.2%
Remove Ads.
Support Sporcle.
Get the best of Sporcle when you Go Orange. This ad-free experience offers more features, more stats, and more fun while also helping to support Sporcle. Thank you for becoming a member.

You're not logged in!

Compare scores with friends on all Sporcle quizzes.
OR
Log In

Show Comments

Extras

Top Quizzes Today


Score Distribution

Your Account Isn't Verified!

In order to create a playlist on Sporcle, you need to verify the email address you used during registration. Go to your Sporcle Settings to finish the process.

Report this User

Report this user for behavior that violates our Community Guidelines.

Details: